Bilecik Bilecik Bilecik Bilecik Bilecik

5 günlük detoks ile yağlara veda/ (Record no. 72097)

MARC details
000 -BAŞLIK
Sabit Uzunluktaki Kontrol Alanı 01378nam a22004577a 4500
001 - KONTROL NUMARASI
Control Dosyası 0071343
003 - KONTROL NUMARASI KİMLİĞİ
Kontrol Alanı KOHA_MİRAKIL
005 - EN SON İŞLEM TARİHİ ve ZAMANI
Kontrol Alanı 20260207005005.0
007 - FİZİKSEL TANIM SABİT ALAN - GENEL BİLGİ
Sabit uzunluklu kontrol alanı ta
008 - SABİT UZUNLUKTAKİ VERİ ÖGELERİ - GENEL BİLGİ
Sabit Alan 240802b2015 tu |||gr||||#0|||0|tur |
020 ## - ISBN - ULUSLARARASI STANDART KİTAP NUMARASI
Isbn 9786051710730
040 ## - KATALOGLAMA KAYNAĞI
Özgün Kataloglama Kurumu TR-BiSEU
Kataloglama Dili tur
Çeviri Kurumu TR-BiSEU
Açıklama Kuralları rda
041 0# - DİL KODU
Metin ya da ses kaydının dil kodu tur
044 ## - YAYINLAYAN/ÜRETEN KURULUŞUN ÜLKE KODU
ISO country code tu
050 ## - SINIFLAMA ve YER NUMARASI
Sınıflama Numarası RA784
Yer Numarası .V55 2015
100 1# - KİŞİ ADI
Yazar Adı (Kişi adı) Villa, Umay.
245 1# - ESER ADI BİLDİRİMİ
Başlık 5 günlük detoks ile yağlara veda/
Sorumluluk Bildirimi Umay Villa ; Umay Villa.
250 ## - BASIM BİLDİRİMİ
Basım Bildirimi 2. Basım
264 #1 - ÜRERİM, YAYIN, DAĞITIM ve TELİF BİLDİRİMİ
Yayın yeri İstanbul :
Yayınlayan Alfa Basım Yayım Dağıtım San. ve Tic. Ltd. Şti.
Yayın tarihi 2015
300 ## - FİZİKSEL TANIMLAMA
Sayfa, Cilt vb. 192 sayfa: resimli; 22 cm.
336 ## - İÇERİK TÜRÜ
Content type term metin
Content type code txt
Source rdacontent
337 ## - MEDYA TÜRÜ
Media type term aracısız
Media type code n
Source rdamedia
338 ## - TAŞIYICI TÜRÜ
Carrier type term cilt
Carrier type code nc
Source rdacarrier
490 1# - DİZİ BİLDİRİMİ
Dizi Bildirimi Alfa ;
Cilt Numarası 2767.
490 1# - DİZİ BİLDİRİMİ
Dizi Bildirimi Sağlık ;
Cilt Numarası 156
500 ## - GENEL NOT
Genel Not Dış kapakta: Spor destekli 10 detoks programıyla sağlıklı yepyeni bir yaşama merhaba!
650 #0 - KONU BAŞLIĞI EK GİRİŞ - KONU TERİMİ
Konusal terim veya coğrafi ad Sağlık.
9 (RLIN) 2239
650 #0 - KONU BAŞLIĞI EK GİRİŞ - KONU TERİMİ
Konusal terim veya coğrafi ad Uzun ömürlü.
9 (RLIN) 140398
650 #0 - KONU BAŞLIĞI EK GİRİŞ - KONU TERİMİ
Konusal terim veya coğrafi ad Detoks.
9 (RLIN) 140399
650 #0 - KONU BAŞLIĞI EK GİRİŞ - KONU TERİMİ
Konusal terim veya coğrafi ad Toksinler.
9 (RLIN) 140400
650 #0 - KONU BAŞLIĞI EK GİRİŞ - KONU TERİMİ
Konusal terim veya coğrafi ad Detoksifikasyon.
9 (RLIN) 140401
650 #0 - KONU BAŞLIĞI EK GİRİŞ - KONU TERİMİ
Konusal terim veya coğrafi ad Health.
9 (RLIN) 2240
650 #0 - KONU BAŞLIĞI EK GİRİŞ - KONU TERİMİ
Konusal terim veya coğrafi ad Longevity.
9 (RLIN) 50260
650 #0 - KONU BAŞLIĞI EK GİRİŞ - KONU TERİMİ
Konusal terim veya coğrafi ad Detox.
9 (RLIN) 140402
650 #0 - KONU BAŞLIĞI EK GİRİŞ - KONU TERİMİ
Konusal terim veya coğrafi ad Toxins.
9 (RLIN) 140403
650 #0 - KONU BAŞLIĞI EK GİRİŞ - KONU TERİMİ
Konusal terim veya coğrafi ad Detoxification.
9 (RLIN) 140404
830 1# - SERİ EK GİRİŞİ - TEKBİÇİM ESER ADI
Tekbiçim Başlık Alfa ;
Volume number/sequential designation 2767.
9 (RLIN) 4684
830 1# - SERİ EK GİRİŞİ - TEKBİÇİM ESER ADI
Tekbiçim Başlık Sağlık ;
Volume number/sequential designation 156
9 (RLIN) 41591
907 ## - LOCAL DATA ELEMENT G, LDG (RLIN)
a Sağlık
942 ## - EK GİRİŞ ÖGELERİ (KOHA)
Source of classification or shelving scheme Library of Congress Classification
Koha item type Book
Holdings
Materyal Türü Kalıcı Konum Mevcut Konum Raf Yeri Sınıflandırma Kaynağı Edinim Bilgisi Ana Konular Alt Konular Yer Numarası Demirbaş Numarası Fatura Tarihi Geri Çekilme Durumu Kayıp Durumu Hasarlı Durumu Kredi için değil Kayıt Tarih Toplam Ödünçverme Son Görülme Tarihi Son Kontrol Tarihi Genel / Bağış Notu
Book Prof. Dr. Azmi Özcan Kütüphanesi Prof. Dr. Azmi Özcan Kütüphanesi Birûni Salonu Library of Congress Classification Bağış TIP Tıbbın Sosyal Yönleri (Halk Sağlığı) RA784 .V55 2015 0071343 02/02/2026         02/08/2024   17/03/2025 17/03/2025 Edibe BEKİN